000
00312nam a22001217a 4500
008
160420b xxu||||| |||| 00| 0 eng d
020
_a
\9780721606712
020
_a
9997638948
041
_a
eng
080
_a
618.2
245
_a
Medical surgica nursing:
_c
Donna D. Ignatavicius; M.Linda Workman;
942
_2
udc
_c
BK
999
_c
1470
_d
1470